000 00523nam a22001577a 4500
003 MPLRDC
005 20220104142800.0
008 210129b ||||| |||| 00| 0 eng d
082 _a051.4 R1RC v.29 1985 c.2
100 _a坤成女子中学高中第二十九届毕业刊筹委会
245 _a一九八五年第二十九届高中毕业特刊
_c
260 _a
_b坤成女子中学高中第二十九届毕业刊编委会
_c1985
300 _b
650 _a学术纪要、学刊
942 _cBK
_o051.4 R1RC v.29 1985 c.2
999 _c33665
_d33655